000 00613nam a22001937a 4500
005 20251108170539.0
008 250721s2002 xx 000 0 ara d
082 1 4 _a221/معم
100 1 _aالمعموري، ناجي
245 1 0 _aالأسطورة و التوراة :
_bقراءة في الخطابات الميثولوجية /
264 1 _aبيروت :
_bالمؤسسة العربية للدراسات،
_c2002.
300 _a172ص
650 1 7 _aالتوراة
650 1 7 _aالعهد القديم
650 1 7 _aاليهودية
650 1 7 _aالأساطير
942 _2ddc
_cBK
999 _c43201
_d43201